Statistics for Marvel Villains Starting with Y (by picture)

Click here to take the quiz!

General Stats

  • This quiz has been taken 17 times
  • The average score is 3 of 6

Answer Stats

Answer% Correct
Yellow Jacket
100%
Yon-Rogg
67%
Ymir
58%
Yokai
58%
Yandroth
25%
Yi Yang
25%

Score Distribution

Percentile by Number Answered

Percent of People with Each Score

Your Score History

You have not taken this quiz